00746nam a2200193 i 450000100060000000300090000600500170001500700030003200800410003510000220007624501440009826000460024230000310028870000330031970000320035285200310038499900170041595201200043221033ES-MaACL20230906152415.0t|021120s1954 sp ||||1| spa d1 aAga, Khan.91852310aTiempo y espacio / cMemorias de S.A. el Kahn Aga ; prólogo de W. Somerset Maugham ; [traducción del inglés por J. Romero de Tejada]. aBarcelona : bPlaneta, c[1954] (fHorta) a372 p., 9 lám ; c21 cm.1 aMaugham, W. Somerset.9791921 aRomero de Tejada, J.999376 aES-MaACLjC-8641 bR.36794 c21033d21033 00104070aATENEOMbATENEOMcSPALd2008-01-17eSCl0oC-8641p1021605r2023-02-23 00:00:00w2023-02-23yMONOGRAFIA